Statistiken für Alle Pokémon - Attacken vom Typ "Unlicht"

Klicken Sie hier um das Quiz zu spielen!

Allgemein

  • Dieses Quiz wurde 8 mal gespielt
    (4 seit der letzten Aktualisierung)
  • Das Durchschnittsergebnis liegt bei 11 aus 53

Antwortstatistiken

Attacke% Korrekt
Abschlag
75%
Finsteraura
75%
Tiefschlag
75%
Biss
50%
Finstertreffer
50%
Finte
50%
Nachthieb
50%
Neck Strike
50%
Ränkeschmied
50%
Raub
50%
Dark Lariat
25%
Frustventil
25%
Gewissheit
25%
Invertigo
25%
Klingenschwall
25%
Knirscher
25%
Memento -Mori
25%
Nachtflut
25%
Prügler
25%
Schleuder
25%
Schlummerort
25%
Schmarotzer
25%
Standpauke
25%
Trugträne
25%
Überheblichkeit
25%
Übernahme
25%
Verfolgung
25%
Verzögerung
25%
Wechseldich
25%
Abgangstirade
0%
Backenstopfer
0%
Brennender Zorn
0%
Dimensionswahn
0%
Dyna -Dunkel
0%
Fesselbiss
0%
Finsterturbo
0%
Folterknecht
0%
Gegenstoß
0%
Giga -Einzelhieb
0%
Giga -Gähnzwang
0%
Hyper Dark Crusher
0%
Itemsperre
0%
Klauenwetzer
0%
Kniefallspalter
0%
Kniefalltrick
0%
Quälzone
0%
Schmeichler
0%
Schwarzes Loch des Grauens
0%
Strafattacke
0%
Vendetta
0%
Verderben
0%
Verhöhner
0%
Wirbler
0%

Verteilung der Resultate

Perzentil nach korrekt beantworteten Fragen

Anzahl Personen mit jedem Resultat

Ihre Resultats-Entwicklung

Sie haben dieses Quiz seit der letzten Aktualisierung nicht gespielt